000 02455cam a2200433 i 4500
001 200468015
003 TR-AnTOB
005 20260410090112.0
007 ta
008 260410s1951 nyu 000 p eng
010 _a 51008849
016 7 _a003937408
_2Uk
016 _a(AMICUS)000001172571
035 _a(CU-S)b13627831-01ucs_sdi
035 _a(OCoLC)00280769
_z(OCoLC)789627
_z(OCoLC)1466605
_z(OCoLC)12985637
_z(OCoLC)13834504
_z(OCoLC)58050053
_z(OCoLC)606011679
_z(OCoLC)614697568
_z(OCoLC)976621387
_z(OCoLC)1201929827
035 _a(OCoLC)ocm00280769
035 _a(EXLNZ-01UCS_NETWORK)9912453124306531
035 _a(TR-AnTOB)200468015
040 _aDLC
_beng
_erda
_cDLC
_dOCL
_dKSU
_dOCL
_dBNG
_dCQA
_dBTCTA
_dOCLCG
_dSTF
_dEYM
_dNIALS
_dGUA
_dNLGGC
_dNJJ
_dIAK
_dDEBBG
_dGBT
_dOCLCF
_dOCLCQ
_dEUX
_dCWS
_dFJU
_dTOF
_dOCLCO
_dUKMGB
_dOCLCO
_dOCLCQ
_dOCL
_dTPA
_dNLC
_dOCLCQ
_dMIH
_dS#L
_dOCLCO
_dOCL
_dCPO
_dOCLCO
_dMAN
_dOCLCO
_dOCLCL
_dOCLCQ
_dZHC
_dOCLCL
_dTR-AnTOB
041 0 _aeng
050 0 _aPS3545.I544
_bA17 1951
090 _aPS3545.I544
_bA17 1951
100 1 _aWilliams, William Carlos,
_d1883-1963
_eauthor
_4aut
_0http://id.loc.gov/authorities/names/n79060075
_9152996
245 1 0 _aThe collected earlier poems of William Carlos Williams.
264 1 _a[New York] :
_bNew Directions Pub. Corp.,
_c[1951]
300 _a482 pages ;
_c21 cm
336 _atext
_btxt
_2rdacontent
337 _aunmediated
_bn
_2rdamedia
338 _avolume
_bnc
_2rdacarrier
500 _a"A New Directions book."
505 0 _aThe wanderer -- The tempers -- March -- History -- History -- Della primavera trasportata al morale -- An early martyr -- Al que quiere (To him who wants it) -- Fish -- Romance moderne -- Sour grapes -- Paterson -- The flower -- Spring and all -- Struggle of wings -- The descent of winter -- Impromptu: the suckers -- Collected poems 1934 -- An elegy for D.H. Lawrence -- Adam and Eve and the city -- Morning -- The crimson cyclamen -- Recent verse 1938 -- The drunkard.
520 _aThe evolution of Williams' style and the further development of the uniquely American poetic tradition is evidenced in works written before World War II.
530 _aAlso issued online.
650 0 _aAmerican poetry
_y20th century
_0http://id.loc.gov/authorities/subjects/sh85004387
_979821
655 7 _aPoetry
_2lcgft
_0http://id.loc.gov/authorities/genreForms/gf2014026481
_9151583
942 _2lcc
_cBK
999 _c200468015
_d86227